Historia argentina contemporánea. 1862 - 1930 / Historia de las presidencias: 1898 - 1930 / Vol. I . Segunda sección :
Guardado en:
| Otros Autores: | , , , , , , , |
|---|---|
| Formato: | Libro |
| Idioma: | Undetermined |
| Publicado: |
Buenos Aires :
El Ateneo,
1965.
|
| Series: | Historia de la Nación Argentina
|
| Materias: | |
| Etiquetas: |
Agregar Etiqueta
Sin Etiquetas, Sea el primero en etiquetar este registro!
|
| LEADER | 00976nam a22002535a 4500 | ||
|---|---|---|---|
| 001 | DER.der015524 | ||
| 008 | 251117s1965####ag#######b####000#0#und#d | ||
| 005 | 20251117170007.0 | ||
| 245 | 1 | 0 | |a Historia argentina contemporánea. |n Vol. I . Segunda sección : |b 1862 - 1930 / Historia de las presidencias: 1898 - 1930 / |c publicada por Academia Nacional de la Historia. |
| 260 | |a Buenos Aires : |b El Ateneo, |c 1965. | ||
| 300 | |a 429 p. | ||
| 490 | 1 | |a Historia de la Nación Argentina | |
| 500 | |a Incluye índice temático general. | ||
| 504 | |a "Bibliografía principal" al final de cada capítulo. | ||
| 700 | 1 | |a Braun Menéndez, Armando. | |
| 700 | 1 | |a Pueyrredón, Carlos. | |
| 700 | 1 | |a Melo, Carlos R. | |
| 700 | 1 | |a Cárcano, Miguel Ángel. | |
| 700 | 1 | |a Mitre, Jorge A. | |
| 700 | 1 | |a Capdevila, Arturo. | |
| 700 | 1 | |a Molina, Raúl A. | |
| 700 | 1 | |a Etchepareborda, Roberto. | |
| 650 | 7 | |a HISTORIA ARGENTINA | |
| 859 | |a DERECHO |b BIB. DERECHO |h 982 |i ACA |p 0010151 |v 1 |3 Vol. I - 2° sección | ||
